<?xml version="1.0" encoding="UTF-8"?>
<collection xmlns="http://www.loc.gov/MARC21/slim">
<record>
  <controlfield tag="001">146289</controlfield>
  <controlfield tag="005">20241122150937.0</controlfield>
  <datafield tag="037" ind1=" " ind2=" ">
    <subfield code="a">TAZ-TFG-2024-3879</subfield>
  </datafield>
  <datafield tag="041" ind1=" " ind2=" ">
    <subfield code="a">spa</subfield>
  </datafield>
  <datafield tag="100" ind1="1" ind2=" ">
    <subfield code="a">Expósito Iglesias, Maria Eugenia</subfield>
  </datafield>
  <datafield tag="242" ind1="0" ind2="0">
    <subfield code="a">Relationship between mindfulness practice, social innovation, and  conscious leadership</subfield>
  </datafield>
  <datafield tag="245" ind1="0" ind2="0">
    <subfield code="a">Relación entre practica mindfulness,  innovación social y liderazgo consciente</subfield>
  </datafield>
  <datafield tag="260" ind1=" " ind2=" ">
    <subfield code="a">Zaragoza</subfield>
    <subfield code="b">Universidad de Zaragoza</subfield>
    <subfield code="c">2024</subfield>
  </datafield>
  <datafield tag="506" ind1=" " ind2=" ">
    <subfield code="a">by-nc-sa</subfield>
    <subfield code="b">Creative Commons</subfield>
    <subfield code="c">3.0</subfield>
    <subfield code="u">http://creativecommons.org/licenses/by-nc-sa/3.0/</subfield>
  </datafield>
  <datafield tag="520" ind1=" " ind2=" ">
    <subfield code="a">El principal objetivo de este trabajo de fin de grado es investigar y analizar la relación &lt;br />entre las variables de la práctica del mindfulness, el liderazgo consciente y la innovación. &lt;br />Se utiliza la Teoría U que, para fundamentar la relación entre las tres variables analizadas&lt;br />Para ello, se realizó una revisión bibliográfica que analiza la presencia real del &lt;br />mindfulness en las empresas. Además, se examinaron las empresas más innovadoras &lt;br />tecnológicamente a nivel mundial para conocer en ellas el comportamiento de las &lt;br />variables de liderazgo consciente y mindfulness. Se analizaron las empresas de la &lt;br />Economía del Bien Común y Bcorp más relacionadas con la innovación social para &lt;br />observar el comportamiento de las variables analizadas, incluyendo un cuestionario con &lt;br />el objetivo de obtener conclusiones directas sobre la presencia de estas prácticas. &lt;br />Concluimos que las empresas innovadoras tecnológicamente que han incluido la práctica &lt;br />de Mindfulness no tienen una tendencia al liderazgo consciente. En el caso de la economía &lt;br />social, aunque muchas empresas innovadoras han incorporado prácticas de mindfulness &lt;br />y tienen ciertos rasgos de liderazgo consciente, todavía los valores organizacionales que &lt;br />realmente sostienen el liderazgo consciente no están suficientemente implementados. Se &lt;br />destaca la importancia de utilizar efectivamente los talentos individuales combinados con &lt;br />un liderazgo que promueva el bienestar y el crecimiento de los empleados para alcanzar &lt;br />mayores niveles de productividad y éxito organizacional.&lt;br />&lt;br /></subfield>
  </datafield>
  <datafield tag="521" ind1=" " ind2=" ">
    <subfield code="a">Graduado en Marketing e Investigación de Mercados</subfield>
  </datafield>
  <datafield tag="540" ind1=" " ind2=" ">
    <subfield code="a">Derechos regulados por licencia Creative Commons</subfield>
  </datafield>
  <datafield tag="856" ind1="0" ind2=" ">
    <subfield code="f">798422@unizar.es</subfield>
  </datafield>
  <datafield tag="856" ind1="4" ind2=" ">
    <subfield code="s">757985</subfield>
    <subfield code="u">http://zaguan.unizar.es/record/146289/files/TAZ-TFG-2024-3879.pdf</subfield>
    <subfield code="y">Memoria (spa)</subfield>
  </datafield>
  <datafield tag="909" ind1="C" ind2="O">
    <subfield code="o">oai:zaguan.unizar.es:146289</subfield>
    <subfield code="p">driver</subfield>
    <subfield code="p">trabajos-fin-grado</subfield>
  </datafield>
  <datafield tag="950" ind1=" " ind2=" ">
    <subfield code="a"></subfield>
  </datafield>
  <datafield tag="691" ind1=" " ind2=" ">
    <subfield code="a">0</subfield>
  </datafield>
  <datafield tag="692" ind1=" " ind2=" ">
    <subfield code="a"></subfield>
  </datafield>
  <datafield tag="700" ind1=" " ind2=" ">
    <subfield code="a">Bernal Cuenca, Estrella</subfield>
    <subfield code="e">dir.</subfield>
  </datafield>
  <datafield tag="710" ind1="2" ind2=" ">
    <subfield code="a">Universidad de Zaragoza</subfield>
    <subfield code="b">Dirección y Organización de Empresas</subfield>
    <subfield code="c">Organización de Empresas</subfield>
  </datafield>
  <datafield tag="980" ind1=" " ind2=" ">
    <subfield code="a">TAZ</subfield>
    <subfield code="b">TFG</subfield>
    <subfield code="c">ECON</subfield>
  </datafield>
  <datafield tag="999" ind1=" " ind2=" ">
    <subfield code="a">20240902111350.CREATION_DATE</subfield>
  </datafield>
  <datafield tag="951" ind1=" " ind2=" ">
    <subfield code="a">deposita:2024-11-22</subfield>
  </datafield>
</record>
</collection>